000 00626nam a2200229Ia 4500
003 OSt
005 20220918230916.0
006 a|||||r|||| 00| 0
007 ta
008 220917b |||||||| |||| 00| 0 eng d
024 _a261,573
037 _cTextual
040 _aARTS
_cARTS
_beng
041 _2eng
_aeng
082 _aY:4:6, M4;1
100 _aMishra Ramesh
_9132537
245 0 _aWelfare state in crisis
_b social though and social change
260 _aBrighton
_bHarvester Press
_c1984
650 _aSOCIOLOGY
942 _hY:4:6, M4;1
_cTEXL
_2CC
999 _c289277
_d289277